| 000 | 00517nam a22001455i 4500 | ||
|---|---|---|---|
| 001 | 169988 | ||
| 003 | ES-MaACL | ||
| 005 | 20230906214247.0 | ||
| 008 | 090108s1858 sp |||| | spa d | ||
| 110 | 2 |
_aColegio de Farmacéuticos de la ciudad de Cádiz. _9139168 |
|
| 245 | 1 | 0 | _aEstatutos del Colegio de Farmacéuticos de la ciudad de Cádiz. |
| 260 |
_aCádiz : _b[s.n.], _c1858 ( _fImpr. de la Revista Médica) |
||
| 300 |
_a15 p. ; _c20 cm. |
||
| 852 |
_aES-MaACL _jT-370-F-27 _z.- Sello de: "Los Escolares Médicos" |
||
| 999 |
_c169988 _d169988 |
||